000 00798nam a2200217 4500
001 139111
003 ES-MaACL
005 20250902103435.0
007 t|
008 070214s1950 sp r ||||1| spa d
100 0 _aSanz y Díaz, José,
_d1907-1988
_9103694
245 1 0 _aGeografía histórica, Molina árabe :
_b(un reino de Taifa) /
_cpor José Sanz y Díaz.
260 _aMadrid :
_b[s. n.],
_c1950 (
_fS. Aguirre)
300 _a19 p. :
_bil. ;
_c24 cm.
490 1 _aPublicaciones de la Real Sociedad Geográfica. Serie B ;
_v245
651 4 _aMolina de Aragón-
_xHistoria.
_9137259
710 2 _aReal Sociedad Geográfica
_96403
830 1 _aPublicaciones de la Real Sociedad Geográfica. Serie B ;
_v245
_9182685
852 _aES-MaACL
_j1916-F-8
999 _c139111
_d139111